• 首页
  • 本馆介绍
  • 公告通知
  • 最新文献
  • 馆藏检索
  • 电子资源
  • 读者导购
  • 参考咨询
  • 我的图书馆
  • 登录
  • 详细信息显示
  • 放入我的书架
  • 预约/预借图书
  • 作者相关作品
  • 分类相关作品
  • 丛书相关作品
  • 出版社相关作品

书目信息

  • 表格格式
  • 工作单格式
  • 卡片格式
题名:
传播网络理论
    
 
作者: 芒戈 , 康特拉克特 著 ;陈禹 , 刘颖 译
分册:  
出版信息: 北京   中国人民大学出版社  2009
页数: 380页
开本: 24cm
丛书名: 网络经济译丛书
单 册:
中图分类: G206 , TP393.4
科图分类:
主题词: 互联网络--传播学 , 互联网络 , 传播学
电子资源:
ISBN: 978-7-300-11093-6
000 01339oam2 2200337 45
001 1130204156
005 20110309090829.34
010    @a978-7-300-11093-6@dCNY42.00
100    @a20110122d2009 em y0chiy50 ea
101 1  @achi@ceng
102    @aCN@b110000
105    @ay z 000yy
106    @ar
200 1  @a传播网络理论@AChuan Bo Wang Luo Li Lun@dTheories of communication networks@f彼得·R. 芒戈(Peter R. Monge),诺什·S. 康特拉克特(Noshir S. Contractor)著@FBi De· R. Mang Ge (Peter R. Monge), Nuo Shi· S. Kang Te La Ke Te (Noshir S. Contractor) Zhu@g陈禹,刘颖等译@zeng
210    @a北京@c中国人民大学出版社@d2009
215    @a380页@d24cm
225 2  @a网络经济译丛书
330    @a本书主要内容有:系统介绍了网络分析方法和工具,更为重要的是透过网络结构本身,深入分析了网络结构的生成机制问题,探讨了网络研究框架。
461  0 @12001 @a网络经济译丛书
510 1  @aTheories of communication networks@zeng
606 0  @a互联网络@x传播学
606 0  @a互联网络
606 0  @a传播学
690    @aG206@v4
690    @aTP393.4@v4
701  1 @a芒戈@AMang Ge@g(Monge, Peter R.)@4著
701  1 @a康特拉克特@AKang Te La Ke Te@g(Contractor, Noshir S.)@4著
702  0 @a陈禹@AChen Yu@f(1944.3~)@4译
702  0 @a刘颖@ALiu Ying@c(英语翻译)@4译
801  0 @aCN@bTANGWEI@c20110309
905    @b0530457-61@dG206@e406@f5
    
    传播网络理论=Theories of communication networks/彼得·R. 芒戈(Peter R. Monge),诺什·S. 康特拉克特(Noshir S. Contractor)著/陈禹,刘颖等译.-北京:中国人民大学出版社,2009
    380页;24cm.-(网络经济译丛书)
    
    
    ISBN 978-7-300-11093-6:CNY42.00
    本书主要内容有:系统介绍了网络分析方法和工具,更为重要的是透过网络结构本身,深入分析了网络结构的生成机制问题,探讨了网络研究框架。
●
相关链接 在E读中查询图书 在五车中查询图书 在当当中查询图书 在豆瓣中查询图书


正题名:传播网络理论     索取号:G206/406         预约/预借

序号 登录号 条形码 馆藏地/架位号 状态 备注
1 0530457   205304570   第一样本阅览室/ [索取号:G206/406] 在馆    
2 0530458   205304589   中文系资料室/ [索取号:G206/406] 在馆    
3 0530459   205304598   第四借阅区/ [索取号:G206/406] 在馆    
4 0530460   205304605   第四借阅区/ [索取号:G206/406] 在馆    
5 0530461   205304614   第四借阅区/ [索取号:G206/406] 在馆    
唐山师范学院图书馆 欢迎您!
大连网信软件有限公司© 版权所有